000 00442nam a2200181Ia 4500
001 2987
005 20260306144847.0
008 260306t2002||||xx |||||||||||||| ||spa||
041 _aESP
082 _a239.1
_bC68
100 _aClaudel, Paul
_eAUT
245 0 _aI believe in God:
_ba meditation on the apostles' creed
260 _c2002
300 _a317 páginas :
_c20 cm.
650 _aGEN
654 _aCHU
942 _cLIB
_dJUS
_fJUS
_2ddc
_n
999 _c2987
_d2987